000 00696nam a2200241Ia 4500
003 GCL
008 140319s9999 xx 000 0 ara d
040 _aGCL /
_cGCL
082 0 4 _a612
_bع ا
100 1 _aعبدالمجيد الشاعر
245 1 0 _aاساسيات علم وظائف الاعضاء /
_cعبدالمجيد الشاعر
700 1 _aهشام كنعان
700 1 _aهشام الخطيب
700 1 _aعماد الخطيب
260 _a[S.N] :
_bدار المستقبل ،
_c1993
300 _a391 ص
490 _a
650 0 4 _aالطب
650 0 4 _aجسم الانسان
650 0 4 _aالفسيولوجيا
650 0 4 _aالتشريح
942 _2ddc
_cBK
999 _c36015
_d36015